1900 1979 1312 1623 1717 1455 1382 1267 1916 1525 1341 1066 1103 1488 1656 1499 1450 1943 1204 1880 1583 1023 1056 1075 1464 1118 1276 1385 1288 1346 1605 1500 1322 1817 1007 1448 1031 1555 1763 1060 1229 1031 1363 1885 1290 1596 1076 1950 1539 1926 1462 1136 1846 1581 1320 1835 1820 1056 1283 1835 1172 1468 1528 1647 1184 1612 1947 1139 1439 1400 1362 1309 1101 1365 1307 1958 1632 1727 1843 1225 1946 1673 1585 1684 1533 1784 1319 1076 1459 1805 1643 1244 1187 1433 1345 1056 1496 1182 1542 BCNSPRNW ULIB Ver.6.0+V

เปลี่ยนเป็นภาษาไทย

Change to English
 แสดงรายละเอียดบรรณานุกรม
  กลับหน้าหลัก

Brief Record : Get Marc (ISO 2709) : E-mail record : QR code < ปิดหน้าต่าง
LEADER : 00000nam 2200000uu 4500
001    13399111860
003     ULIB
008    110627s2553||||th 000 0 tha d
020    9786167081465
090    นว.^bน387ป 2553
100 0  นัฐชา
245 00 เปลวรักสีรุ่ง/^cนัฐชา
250    พิมพ์ครั้งที่ 1
260    กรุงเทพฯ :^bสมาร์ทบุ๊ค,^c2553
300    376 หน้า
945    ^p250^l0^i028026
995    ทศพร
999 ^a ใช้งานได้ทุกระบบ
รายการนี้ยังไม่มีแท็ก
คุณยังไม่ได้ล็อกอิน คุณสามารถมีกิจกรรมร่วมกับเว็บไซต์ได้ แต่ต้องล็อกอินก่อน ::
  ล็อกอิน

รายการสื่อสารสนเทศ

ลำดับที่ ประเภท เลขเรียก/บาร์โค้ด สถานที่ สถานะ
- ไม่พบข้อมูล -

BibComment


ยังไม่เคยถูกคอมเมนท์

คอมเมนท์ทรัพยากรรายการนี้
  คอมเมนท์: เปลวรักสีรุ่ง นัฐชา


 Copyright 2026. Bcnsprnw @Library